|
|
|
|
| LEADER |
00000cam a22000004a 4500 |
| 001 |
musev2_11643 |
| 003 |
MdBmJHUP |
| 005 |
20230905041314.0 |
| 006 |
m o d |
| 007 |
cr||||||||nn|n |
| 008 |
010306s2001 nbu o 00 0 eng d |
| 010 |
|
|
|z 2001027440
|
| 020 |
|
|
|a 9780803202405
|
| 020 |
|
|
|z 0803202407
|
| 035 |
|
|
|a (OCoLC)50699589
|
| 040 |
|
|
|a MdBmJHUP
|c MdBmJHUP
|
| 043 |
|
|
|a n-us---
|
| 050 |
0 |
4 |
|a RA448.5.I5
|b V47 2001
|
| 082 |
0 |
|
|a 362.1/969792/0097073
|2 21
|
| 100 |
1 |
|
|a Vernon, Irene S.,
|d 1955-
|
| 245 |
1 |
0 |
|a Killing Us Quietly :
|b Native Americans and HIV/AIDS /
|c Irene S. Vernon.
|
| 264 |
|
1 |
|a Lincoln :
|b University of Nebraska Press,
|c 2001.
|
| 264 |
|
3 |
|a Baltimore, Md. :
|b Project MUSE,
|c 2012
|
| 264 |
|
4 |
|c ©2001.
|
| 300 |
|
|
|a 1 online resource (147 pages):
|b ill. ;
|
| 336 |
|
|
|a text
|b txt
|2 rdacontent
|
| 337 |
|
|
|a computer
|b c
|2 rdamedia
|
| 338 |
|
|
|a online resource
|b cr
|2 rdacarrier
|
| 504 |
|
|
|a Includes bibliographical references (p. 123-137) and index.
|
| 588 |
|
|
|a Description based on print version record.
|
| 650 |
|
0 |
|a HIV-positive persons
|x Medical care
|z United States.
|
| 650 |
|
0 |
|a AIDS (Disease)
|x Patients
|z United States.
|
| 650 |
|
0 |
|a Indians of North America
|x Medical care.
|
| 650 |
|
0 |
|a Indians of North America
|x Health and hygiene.
|
| 650 |
|
0 |
|a Indians of North America
|x Health risk assessment.
|
| 655 |
|
7 |
|a Electronic books.
|2 local
|
| 710 |
2 |
|
|a Project Muse.
|e distributor
|
| 830 |
|
0 |
|a Book collections on Project MUSE.
|
| 856 |
4 |
0 |
|z Texto completo
|u https://projectmuse.uam.elogim.com/book/11643/
|
| 945 |
|
|
|a Project MUSE - Custom Collection
|
| 945 |
|
|
|a Project MUSE - Archive Complete Foundation
|
| 945 |
|
|
|a Project MUSE - Archive Global Cultural Studies Foundation
|
| 945 |
|
|
|a Project MUSE - Archive Native American and Indigenous Studies Foundation
|